Регионална библиотека "Любен Каравелов" - Русе

Пътеводител за автотуриста (Запис номер 184890)

MARC детайли
000 -Лидер
Контролно поле с фиксирана дължина 01704nam a2200373 c 4500
003 - Код на организацията, давaща контролен номер
Контролно поле BLK
005 - Дата и час на последна редакция
Контролно поле 20240910134637.0
008 - Елементи от данни с фиксирана дължина
fixed length control field 180411b bul|||||r ||||||| ||bul||
010 ## - Наследен системен номер
LC control number KNG00193867000
040 ## - Източник на каталожния запис
Идентификатор на билиотеката - собственик на записа BLK
041 ## - Код за език
Код за езика на текст/звукозапис или на отделно заглавие Български
Код за езика КДБФ Български
080 ## - УДК
Текстов определител УДК Туризъм. Алпинизъм. Ориентиране. Международен туризъм вж 338.48 и 379.85
УДК код - определител по УДК 796.5
УДК определител (036)
УДК - код + определител 796.5(036)
080 ## - УДК
Текстов определител УДК География на България
УДК код - определител по УДК 913(497.2)
УДК определител (036)
УДК - код + определител 913(497.2)(036)
080 ## - УДК
Текстов определител УДК География на Европа
УДК код - определител по УДК 913(4)
УДК определител (1-664)(036)
УДК - код + определител 913(4)(1-664)(036)
100 ## - Редна дума - Автор
Автор Желев, Димитър
Автор - информация (биография) Недев, Димитър Желев
R(LIN) 269130
139 ## - Редно поле
Редна дума Желев, Димитър
Авторски знак Желе - Ж 34
245 10 - Сведения за заглавието
Заглавие Пътеводител за автотуриста
Редно поле (дума) Димитър Желев; лит. обраб. Георги Христов Манев; * Димитър Желев Недев.
257 ## - Страна на издаване
Страна на създаване/издаване България
260 ## - Област на издателските данни
Име на издателя, разпространителя и проч. Медицина и физкултура
Година на издаване 1977
Място на издаване, разпространение и проч. София
300 ## - Физическа характеристика
Страници 271 с.
Илюстрации и др. с ил. и к.
Размери/Мащаб 22 см
380 ## - Жанр
Жанр 793/799 Спорт
650 #4 - Допълнително описание по предмет – тема
Основно описание – тема или топоним Туристически маршрути - България
9 (RLIN) 264994
650 #4 - Допълнително описание по предмет – тема
Основно описание – тема или топоним Туристически маршрути - Европа
9 (RLIN) 322543
653 ## - Ключова дума – ненормативна
Ключова дума автомобилен туризъм
700 1# - Други автори (авторска отговорност)
Лично име Манев, Георги Христов
Автороска отговорност (Описва отношението между автора и произведението) лит. обраб.
9 (RLIN) 384204
700 1# - Други автори (авторска отговорност)
Лично име Недев, Димитър Желев
9 (RLIN) 287102
852 ## - Местоположение
Форматна сигнатура Цб 86435
856 4# - Електронен адрес и достъп
Електронен формат pdf - файл
Инструкция (цена за достъп) 0.00
Права за достъп disable
856 4# - Електронен адрес и достъп
Електронен формат pdf - файл
Инструкция (цена за достъп) 0.00
Права за достъп disable
999 ## - СИСТЕМНИ КОНТРОЛНИ НОМЕРА
Koha biblionumber 184890
Koha biblioitemnumber 184890
942 ## - АРТИКУЛИ
Вид на библиотечния материал Книги
Скрит в OPAC Не
Периодичен библиозапис Да
944 ## - СЪЗДАВАНЕ И РЕДАКЦИЯ на ЗАПИСА
Създаване/Редакция Създаване
Дата на регистрацията/редакция 19.10.2016
Служител, извършил регистрацията/редакцията 30550
Статус, дата на статуса Кети Илиева
944 ## - СЪЗДАВАНЕ И РЕДАКЦИЯ на ЗАПИСА
Създаване/Редакция Редакция
Дата на регистрацията/редакция 19.10.2016
Служител, извършил регистрацията/редакцията Кети_Илиева
999 ## - СИСТЕМНИ КОНТРОЛНИ НОМЕРА
Koha biblioitemnumber 184890
Наличности
Код за отписване Код за изгубен артикул Източник на класификационната схема Код за повреда Коз за рестрикции Код за отдаване Артикулен № Име на библиотеката - собственик Име на библиотеката, в която се намира в момента Статус (Текущо местоположение) Дата на вписване в системата Местоположение - отдел Цена в лева Инвентарен номер Систематично азбучна сигнатура Баркод Номер на екземпляра Цена в евро Служебна бележка Служебен тип на артикула
  Не е изгубен Universal Decimal Classification Не е повреден само за читалня ползва се в читалня 319934 Регионална библиотека "Любен Каравелов" Русе Регионална библиотека "Любен Каравелов" Русе Хранилище 1977-01-01 Хранилище 2.10 229143 Цб 86435 120000229143 1 1.07 Вид: Сф Дата: 01.01.1977 Книги
Изтеглен Не е изгубен Universal Decimal Classification Не е повреден без рестрикции заемане за дома 319935 Регионална библиотека "Любен Каравелов" Русе Регионална библиотека "Любен Каравелов" Русе Заемна - подръчен фонд 1977-01-01 Заемна - подръчен фонд 2.10 230146 П 796.5/Ж 34 230146 2 1.07 Вид: Сф Дата: 01.01.1977 Книги
Изтеглен Не е изгубен Universal Decimal Classification Не е повреден без рестрикции заемане за дома 319936 Регионална библиотека "Любен Каравелов" Русе Регионална библиотека "Любен Каравелов" Русе Заемна - подръчен фонд 1977-01-01 Заемна - подръчен фонд 2.10 230147 П 796.5/Ж 34 230147 3 1.07 Вид: Сф Дата: 01.01.1977 Книги
Изтеглен Не е изгубен Universal Decimal Classification Не е повреден без рестрикции заемане за дома 319937 Регионална библиотека "Любен Каравелов" Русе Регионална библиотека "Любен Каравелов" Русе Заемна - подръчен фонд 1977-01-01 Заемна - подръчен фонд 2.10 230153 П 796.5/Ж 34 230153 4 1.07 Вид: Сф Дата: 01.01.1977 Книги
Изтеглен Не е изгубен Universal Decimal Classification Не е повреден без рестрикции заемане за дома 319938 Регионална библиотека "Любен Каравелов" Русе Регионална библиотека "Любен Каравелов" Русе Заемна - подръчен фонд 1977-01-01 Заемна - подръчен фонд 2.10 230154 П 796.5/Ж 34 230154 5 1.07 Вид: Сф Дата: 01.01.1977 Книги
Изтеглен Не е изгубен Universal Decimal Classification Не е повреден без рестрикции заемане за дома 319939 Регионална библиотека "Любен Каравелов" Русе Регионална библиотека "Любен Каравелов" Русе Заемна - подръчен фонд 1977-01-01 Заемна - подръчен фонд 2.10 230156 П 796.5/Ж 34 230156 6 1.07 Вид: Сф Дата: 01.01.1977 Дата инв: 08.02.2018 Бележки инв: П2018 Книги
Vip Innovations Ltd, Rousse, Bulgaria 2025